20 năm Olympic cơ học toàn quốc : Thủy lực: Đề thi - Đáp án 1992-2008 & bài tập chọn lọc
Sách giới thệu 1 số đề thi Olimpic cơ học toàn quốc về thủy lực 1992-2008 bao gồm đáp án.
Đã lưu trong:
| Tác giả chính: | |
|---|---|
| Định dạng: | Sách |
| Ngôn ngữ: | Undetermined |
| Được phát hành: |
Hà Nội
Khoa học và Kỹ thuật
2008
|
| Những chủ đề: | |
| Các nhãn: |
Thêm thẻ
Không có thẻ, Là người đầu tiên thẻ bản ghi này!
|
| Thư viện lưu trữ: | Trung tâm Học liệu Trường Đại học Cần Thơ |
|---|
| LEADER | 00823nam a2200217Ia 4500 | ||
|---|---|---|---|
| 001 | CTU_142070 | ||
| 008 | 210402s9999 xx 000 0 und d | ||
| 020 | |c 59000 | ||
| 082 | |a 532.0076 | ||
| 082 | |b T103 | ||
| 100 | |a Nguyễn, Tài | ||
| 245 | 0 | |a 20 năm Olympic cơ học toàn quốc : | |
| 245 | 0 | |b Thủy lực: Đề thi - Đáp án 1992-2008 & bài tập chọn lọc | |
| 245 | 0 | |c Nguyễn Tài (Chủ biên) ... [et al.] | |
| 260 | |a Hà Nội | ||
| 260 | |b Khoa học và Kỹ thuật | ||
| 260 | |c 2008 | ||
| 520 | |a Sách giới thệu 1 số đề thi Olimpic cơ học toàn quốc về thủy lực 1992-2008 bao gồm đáp án. | ||
| 650 | |a Hydraulics,Hydromachanics | ||
| 904 | |i Giang | ||
| 980 | |a Trung tâm Học liệu Trường Đại học Cần Thơ | ||